Viva Las Vengeance - Panic! At The Disco Lyrics - Statistics

General Stats
  • This quiz has been taken 102 times
  • The average score is 160 of 260
Answer Stats
Answer % Correct
a
93%
I
91%
Las
89%
go
87%
to
87%
To
87%
Vengeance
87%
Viva
87%
be
85%
the
85%
and
80%
said
78%
She
78%
up
78%
of
74%
on
74%
On
74%
so
74%
bed
70%
Shut
69%
you
67%
don't
63%
me
63%
in
61%
In
61%
it
59%
no
59%
wanna
57%
I'm
56%
just
56%
my
56%
with
56%
yes
56%
one
54%
dream
50%
Pyramid
50%
diva
48%
free
48%
power
48%
real
48%
every
46%
Every
46%
kids
46%
Shut
46%
am
44%
Living
44%
out
44%
really
44%
already
41%
dead
41%
Excalibur
41%
guns
41%
loaded
41%
nothing
41%
Nothing
41%
strip
41%
at
39%
hurt
39%
ones
39%
sofa
39%
Someone
39%
true
39%
But
37%
Sativa
37%
what
37%
are
35%
city
35%
favorite
35%
song
35%
that
35%
did
33%
here
33%
is
33%
shed
33%
sword
33%
wrong
33%
anonymous
31%
full
31%
promises
31%
rings
31%
stole
31%
woodstock
31%
cares
30%
chord
30%
feels
30%
fell
30%
like
30%
Stepped
30%
Hacking
28%
nowhere
28%
plugged
28%
can't
26%
doing
26%
declare
24%
leads
24%
masterpiece
24%
Nothing's
24%
road
24%
Stuck
24%
try
24%
act
22%
feed
22%
alive
19%
being
19%
DJ
19%
Giving
19%
kill
19%
buried
17%
Didn't
17%
key
17%
replay
17%
weeds
17%
paint
15%
moment
13%
No matching quizzes found
Score Distribution
Percent of People with Each Score
Percentile by Number Answered
Your Score History
You have not taken this quiz